Loading...
| Social Science | 0 | 3 | 0 | 2 | 30 | 105 | 136.00 | 0 | 1 | 1.87 | 10.00 |
| Literature - Poetry | 0 | 2 | 0 | 0 | 20 | 98 | 99.00 | 1 | 2 | 7.82 | 15.00 |
| Literature - Short Fiction | 0 | 1 | 0 | 0 | 10 | 98 | 98.00 | 0 | 1 | 18.18 | 33.33 |
| Fine Arts - Painting and Sculpture | 0 | 1 | 0 | 0 | 10 | 87 | 87.00 | 1 | 1 | 4.66 | 10.00 |
| Fine Arts - Classical Music | 0 | 1 | 0 | 0 | 10 | 107 | 107.00 | 1 | 1 | 3.18 | 8.33 |
| Religion | 0 | 1 | 0 | 1 | 10 | 132 | 132.00 | 0 | 0 | 0.09 | 4.17 |
| Philosophy | 0 | 1 | 1 | 0 | 5 | 129 | 129.00 | 0 | 0 | 0.98 | 3.33 |
| Fine Arts - Other | 1 | 0 | 2 | 0 | 5 | 58 | 58.00 | 1 | 1 | 4.16 | 6.67 |
| History - European | 0 | 0 | 0 | 0 | 0 | 0.00 | 0 | 0 | 0.00 | 0.00 | |
| Short Fiction and Other | 0 | 0 | 1 | 0 | -5 | 0.00 | 0 | 0 | 0.00 | 0.00 |